Mechanizmy participatívnej demokracie v EÚ diplomová práca

Saved in:
Bibliographic Details
Main Author: Čepčeková, Donáta
Corporate Author: Fakulta medzinárodných vzťahov EU. Katedra medzinárodných ekonomických vzťahov a hospodárskej diplomacie
Other Authors: Škvrnda, František
Format: Book
Language:Slovak
Published: Bratislava 2018
Tags: Add Tag
No Tags, Be the first to tag this record!

MARC

LEADER 00000nbm a2200000 4500
001 0244440
005 20180808081526.8
041 0 |a slo 
044 |a SK 
245 1 0 |a Mechanizmy participatívnej demokracie v EÚ  |b diplomová práca  |c Donáta Čepčeková ; školiteľ: František Škvrnda 
264 1 |a Bratislava  |c 2018 
300 |a 65 s. 
100 1 |a Čepčeková, Donáta 
700 1 |a Škvrnda, František 
710 2 |a Fakulta medzinárodných vzťahov EU. Katedra medzinárodných ekonomických vzťahov a hospodárskej diplomacie